<?xml version="1.0" encoding="UTF-8"?>
<record
    xmlns:xsi="http://www.w3.org/2001/XMLSchema-instance"
    xsi:schemaLocation="http://www.loc.gov/MARC21/slim http://www.loc.gov/standards/marcxml/schema/MARC21slim.xsd"
    xmlns="http://www.loc.gov/MARC21/slim">

  <leader>01334nam0a22003011  4500</leader>
  <controlfield tag="001">rc\4403911</controlfield>
  <controlfield tag="005">20260406074709.0</controlfield>
  <datafield tag="021" ind1=" " ind2=" ">
    <subfield code="a">RU</subfield>
    <subfield code="b">&#x420;&#x433;10576-67</subfield>
  </datafield>
  <datafield tag="035" ind1=" " ind2=" ">
    <subfield code="a">(NLR Aleph) 008299424</subfield>
  </datafield>
  <datafield tag="090" ind1=" " ind2=" ">
    <subfield code="a">8626505</subfield>
    <subfield code="c">8626505</subfield>
  </datafield>
  <datafield tag="100" ind1=" " ind2=" ">
    <subfield code="a">20130416d1967    |||y0rusy50      ca</subfield>
  </datafield>
  <datafield tag="101" ind1="0" ind2=" ">
    <subfield code="a">rus</subfield>
  </datafield>
  <datafield tag="102" ind1=" " ind2=" ">
    <subfield code="a">RU</subfield>
  </datafield>
  <datafield tag="105" ind1=" " ind2=" ">
    <subfield code="a">a   z   |||||</subfield>
  </datafield>
  <datafield tag="200" ind1="1" ind2=" ">
    <subfield code="a">&#x414;&#x435;&#x442;&#x438; &#x432; &#x43A;&#x43D;&#x438;&#x433;&#x435;</subfield>
    <subfield code="f">[&#x410;&#x43B;&#x44C;&#x431;&#x43E;&#x43C; &#x440;&#x435;&#x43F;&#x440;&#x43E;&#x434;&#x443;&#x43A;&#x446;&#x438;&#x439; &#x414;. &#x414;&#x443;&#x431;&#x438;&#x43D;&#x441;&#x43A;&#x43E;&#x433;&#x43E;, &#x412;. &#x426;&#x438;&#x433;&#x430;&#x43B;&#x44F;, &#x42E;. &#x41A;&#x43E;&#x440;&#x43E;&#x432;&#x438;&#x43D;&#x430;, &#x424;. &#x41F;&#x430;&#x443;&#x43B;&#x44E;&#x43A;&#x430;</subfield>
    <subfield code="g">&#x412;&#x441;&#x442;&#x443;&#x43F;. &#x441;&#x442;&#x430;&#x442;&#x44C;&#x44F; &#x422;. &#x41F;&#x440;&#x430;&#x432;&#x434;&#x438;&#x432;&#x446;&#x435;&#x432;&#x43E;&#x439;</subfield>
  </datafield>
  <datafield tag="210" ind1=" " ind2=" ">
    <subfield code="a">&#x41C;&#x43E;&#x441;&#x43A;&#x432;&#x430;]</subfield>
    <subfield code="c">&#x421;&#x43E;&#x432;. &#x445;&#x443;&#x434;&#x43E;&#x436;&#x43D;&#x438;&#x43A;</subfield>
    <subfield code="d">[1967]</subfield>
  </datafield>
  <datafield tag="215" ind1=" " ind2=" ">
    <subfield code="a">[24] &#x441;.</subfield>
    <subfield code="c">&#x438;&#x43B;.</subfield>
    <subfield code="d">17</subfield>
  </datafield>
  <datafield tag="701" ind1=" " ind2="1">
    <subfield code="4">040</subfield>
    <subfield code="a">&#x41A;&#x43E;&#x440;&#x43E;&#x432;&#x438;&#x43D;</subfield>
    <subfield code="b">&#x42E;.&#x414;.</subfield>
    <subfield code="f">1914-1991</subfield>
    <subfield code="g">&#x42E;&#x432;&#x435;&#x43D;&#x430;&#x43B;&#x438;&#x439; &#x414;&#x43C;&#x438;&#x442;&#x440;&#x438;&#x435;&#x432;&#x438;&#x447;</subfield>
    <subfield code="3">RU\NLR\AUTH\77125538</subfield>
    <subfield code="9">108463</subfield>
  </datafield>
  <datafield tag="701" ind1=" " ind2="1">
    <subfield code="a">&#x41F;&#x430;&#x443;&#x43B;&#x44E;&#x43A;&#x430;</subfield>
    <subfield code="b">&#x424;.</subfield>
    <subfield code="f">1925-2014</subfield>
    <subfield code="g">&#x424;&#x435;&#x43B;&#x438;&#x446;&#x438;&#x442;&#x430;</subfield>
    <subfield code="4">040</subfield>
  </datafield>
  <datafield tag="701" ind1=" " ind2="1">
    <subfield code="4">040</subfield>
    <subfield code="7">ca</subfield>
    <subfield code="8">rus</subfield>
    <subfield code="a">&#x426;&#x438;&#x433;&#x430;&#x43B;&#x44C;</subfield>
    <subfield code="b">&#x412;. &#x415;.</subfield>
    <subfield code="c">&#x436;&#x438;&#x432;&#x43E;&#x43F;&#x438;&#x441;&#x435;&#x446;, &#x438;&#x43B;&#x43B;&#x44E;&#x441;&#x442;&#x440;&#x430;&#x442;&#x43E;&#x440;</subfield>
    <subfield code="f">1916-2005</subfield>
    <subfield code="g">&#x412;&#x438;&#x43A;&#x442;&#x43E;&#x440; &#x415;&#x444;&#x438;&#x43C;&#x43E;&#x432;&#x438;&#x447;</subfield>
    <subfield code="9">161352</subfield>
    <subfield code="3">RU\NLR\AUTH\770161396</subfield>
  </datafield>
  <datafield tag="701" ind1=" " ind2="1">
    <subfield code="4">040</subfield>
    <subfield code="a">&#x414;&#x443;&#x431;&#x438;&#x43D;&#x441;&#x43A;&#x438;&#x439;</subfield>
    <subfield code="b">&#x414;. &#x410;.</subfield>
    <subfield code="f">1920-1960</subfield>
    <subfield code="g">&#x414;&#x430;&#x432;&#x438;&#x434; &#x410;&#x43B;&#x435;&#x43A;&#x441;&#x430;&#x43D;&#x434;&#x440;&#x43E;&#x432;&#x438;&#x447;</subfield>
    <subfield code="3">RU\NLR\AUTH\770151536</subfield>
    <subfield code="9">151498</subfield>
  </datafield>
  <datafield tag="702" ind1=" " ind2="1">
    <subfield code="a">&#x41F;&#x440;&#x430;&#x432;&#x434;&#x438;&#x432;&#x446;&#x435;&#x432;&#x430;</subfield>
    <subfield code="b">&#x422;.</subfield>
    <subfield code="4">080</subfield>
  </datafield>
  <datafield tag="801" ind1=" " ind2="0">
    <subfield code="a">RU</subfield>
    <subfield code="b">NLR</subfield>
    <subfield code="g">psbo</subfield>
  </datafield>
  <datafield tag="801" ind1=" " ind2="1">
    <subfield code="a">RU</subfield>
    <subfield code="b">ELAR</subfield>
    <subfield code="2">rusmarc</subfield>
  </datafield>
  <datafield tag="852" ind1=" " ind2=" ">
    <subfield code="a">NLR</subfield>
    <subfield code="j">&#x42D; &#x410;&#x43B;&#x418;&#x441;570/1-21</subfield>
  </datafield>
  <datafield tag="942" ind1=" " ind2=" ">
    <subfield code="c">BOOK</subfield>
  </datafield>
  <datafield tag="980" ind1=" " ind2=" ">
    <subfield code="a">NB</subfield>
  </datafield>
  <datafield tag="995" ind1=" " ind2=" ">
    <subfield code="5">2013-10-26</subfield>
    <subfield code="b">NLR02</subfield>
    <subfield code="c">NLR02</subfield>
    <subfield code="e">EST</subfield>
    <subfield code="f">8299424-10</subfield>
    <subfield code="k">&#x42D; &#x410;&#x43B;&#x418;&#x441;570/1-21</subfield>
    <subfield code="o">0</subfield>
    <subfield code="r">BOOK</subfield>
    <subfield code="s">_570121</subfield>
  </datafield>
</record>
